000 00927nam a22002537a 4500
005 20170124103009.0
010 _aA-375644
020 _c35.00
_a8170730260
035 _aA-375644
037 _bCen Lib/Ret
040 _aDPL
_bHN
082 _a
_bरामकु
100 _aरामकुमर भ्रमर
_957098
245 _aजल-यात्रा /
_cरामकुमर भ्रमर
246 _aJal yatra /
_bby Ramkumar Bhramar
260 _aदिल्ली
_bसरस्वती विहार
_c1988
270 _aज़ी.टी. रोड शाहदरा
_bदिल्ली
_e110032
300 _a144पृ.
_c17सेमी (सजिल्द)
650 _aहिन्दी साहित्य
_957099
650 _aउपन्यास
_957100
650 _aHindi literature
_957101
650 _aFiction
_98901
942 _2ddc
_cHN
_h
_mरामकु
999 _c114507
_d114507